000
00347nam a22001577a 4500
005
20160625115429.0
008
160625b xxu||||| |||| 00| 0 eng d
041
_a
eng
082
_b
10056
100
_a
Charunilam, Francis
_9
2079
245
_a
Industrial Marketing
260
_b
HPI
300
_a
375
650
_a
Management
_9
241
942
_c
BK
999
_c
3990
_d
3989